Catalog
SPO
lečný
K
atalog
Catalog Home
(current)
Union Catalog
Knihovny.cz
My Account
Basic Search
Browse the Catalog
Advanced Search
0
Records In Basket
View Basket
Place Holds
Print Title Details
Email Title Details
Add Basket to Saved List
Clear Basket
Record Details
Catalog Search
Search:
Type:
Keyword
Title
Journal Title
Author
Subject
Series
Format:
All Formats
All Books
All Music
All Videos
Audiocassette music recording
Blu-ray
Braille
Cassette audiobook
CD Audiobook
CD Music recording
DVD
E-audio
E-book
E-video
Equipment, games, toys
Kit
Large Print Book
Map
Microform
Music Score
Phonograph music recording
Phonograph spoken recording
Picture
Preloaded Audio
Serials and magazines
Software and video games
VHS
Library:
Common Catalog SPOK
Dominican sisters
KDS Library
Evangelical Teological Seminary
ETS Library
Jabok
Department of Languages
Jabok Library
BOX2
Depozitář
JABox (rezervační box)
Jachymka
Terezin Initiative Institute
The Jewish community of Prague
Montessori CR
Montessori Library
People in Need
Varianty
The mission of THREE
Hospic Dobrého Pastýře
VERITAS
VERITAS Library
Search
All Libraries
Book
The life of Christ / F. W. Farrar ; edited by Halcyon Backhouse
Farrar, Frederic W.
(
Author
).
Backhouse, Halcyon
(
Added Author
).
More Details
Record details
ISBN:
0-340-51358-6
Physical Description:
x + 368 p.
Publisher:
London
Hodder and Stoughton
1989
Search for related items by series
Hodder and Stoughton christian classics
Available copies
2 of 2 copies available at Common Catalog SPOK.
Holds
0 current holds with 2 total copies.
Place Hold
Add to basket
Remove from basket
Print
Email
Permalink
Show Only Available Copies
Location
Call Number / Copy Notes
Barcode
Shelving Location
Status
Due Date
ETS Library
232
424470007059
Volný výběr
Available
-
ETS Library
232
424470019315
Volný výběr
Available
-
►
▼
Google Preview
► Awards, Reviews, & Suggested Reads
► Shelf Browser
▼ MARC Record
LDR
00776nam a2 00265
001
34351
003
CZ-PrJAB
005
20220315202858.0
008
020206s1989 xxu e |||| |eng
009
us
020
.
‡a
0-340-51358-6
035
.
‡a
(CONS)5397
035
.
‡a
KPS1781
041
.
‡a
eng
082
1
4
.
‡a
232
100
.
‡7
461
‡a
Farrar, Frederic W.
245
.
‡a
The life of Christ /
‡n
F. W. Farrar ; edited by Halcyon Backhouse
260
.
‡a
London
‡b
Hodder and Stoughton
‡c
1989
300
.
‡a
x + 368 p.
490
.
‡a
Hodder and Stoughton christian classics
653
.
‡a
The life of Christ
700
.
‡7
5053
‡a
Backhouse, Halcyon
852
4
.
‡b
ETS
‡b
ETS
‡c
Volný výběr
‡j
232
‡g
A
‡p
424470007059
852
4
.
‡b
ETS
‡b
ETS
‡c
Volný výběr
‡j
232
‡g
A
‡p
424470000462
910
.
‡a
ABG450
999
.
‡a
5397
‡b
AUTOGEN
‡c
5397
‡t
biblio
905
.
‡u
admin
901
.
‡a
34351
‡b
‡c
34351
‡t
biblio
‡s
ets
Login To Evergreen
Library Card Number
PIN
Request A Card
Forgot Your Password?
Additional Resources